000 01287cam a2200277 4500
001 ABS64229
008 010806n2001 000 0 eng u
035 _a(Sirsi) u113965
100 _aMcConnell, T.
245 2 _aA waste of space
260 _c2001
490 _aProperty Week
_v66(29) 20 July 2001, 66-67(2)
520 _aA report by developer Stanhope, and part-funded by the British Council of Offices, reveals that developers are over-specifying buildings, resulting in higher costs for themselves and occupiers.The research argues for more appropriateness in buildings. Standard practice dictates for small power provision at 25W/sq m and occupational densities at 5 sq/mperson. The report shows across a variety of occupier sectors, including retail, insurance and corporate, that 15W/sq m would provide enough small power and designing for densities of up to 14 sq m/person is sufficient for use and provision of facilities.
590 _aABS
650 _aSTANHOPE
650 _aOFFICE SPECIFICATION
650 _aOVERSPECIFICATION
650 _aINVESTORS
650 _aDEVELOPERS
650 _aBCO
650 _aUNDERSPECIFICATION
650 _aOCCUPATION DENSITIES
650 _aSMALL POWER USE
690 _aPROPERTY-COMMERCIAL PROPERTY
942 _n0
999 _c67916
_d67916